Continuidad de la política de neutralidad activa del presidente Cerezo, en el cumplimiento de los compromisos contraídos en el Acuerdo de Esquipulas II. agosto 1987-enero 1988; avance de investigación
Salvato in:
| Autore principale: | |
|---|---|
| Natura: | testo |
| Pubblicazione: |
San José:
s.e.
|
| Tags: |
Aggiungi Tag
Nessun Tag, puoi essere il primo ad aggiungerne!!
|
MARC
| LEADER | 00000 a a2200000 04500 | ||
|---|---|---|---|
| 001 | 23634 | ||
| 003 | |||
| 040 | |||
| 090 | |a 163800 | ||
| 100 | |a Téllez, Floridalma | ||
| 245 | |a Continuidad de la política de neutralidad activa del presidente Cerezo, en el cumplimiento de los compromisos contraídos en el Acuerdo de Esquipulas II. agosto 1987-enero 1988; avance de investigación | ||
| 260 | |a San José: |b s.e. | ||
| 300 | |a 16 p.; 2 copias | ||
| 999 | |c 14633 |d 14633 | ||
